| 000 | 00870nac a22002051u 4500 | ||
|---|---|---|---|
| 008 | 100810m19931994uar||||r000 000 0 ara d | ||
| 082 |
_a210 _bب ي ا |
||
| 100 |
_a _917335 |
||
| 110 |
_aالأزهر الشريف _917436 |
||
| 245 |
_aبيان للناس من الأزهر الشريف/ _cالأزهر الشريف |
||
| 260 |
_aالقاهرة : _bالأزهر الشريف، _c1993-1994 |
||
| 300 |
_a2 مج؛ _c24 سم |
||
| 504 | _aيشتمل على إرجاعات ببليوجرافية | ||
| 511 | _aCatalogued by: Sara | ||
| 541 |
_a؛الف باء _c؛شراء |
||
| 650 |
_aالإسلام _913667 |
||
| 650 |
_aالفرق الإسلامية _913294 |
||
| 942 |
_cBB _k210ب ي ا _2ddc |
||
| 999 |
_c5802 _d5802 |
||